000 00912cam a22001814a 4500
005 20250605164354.0
008 250528s ||||||||||||||||||||||||d
035 _a24253
040 _aGR-AtMCL
_bgre
_dGR-AtMCL
_eAACR2
245 1 _aCities of Tomorrow / World Health - The Magazine of the World Health Organization
260 _bWorld Health,
_c1991
300 _a31
520 _aHealth in the City, Wanted: A Redistribution of Wealth, Rapid Growth in the Americas, Street Children, The Present is Appalling and the Future Bleak, Floods Threaten the World's Cities, Tackling Africa's Slums, Cities of Tomorrow, Immunizing the Children of Poverty, Housing and Health, Places for the Soul, Keeping a Mental Balance, High-Density Life in China, The False Lure of the City Lights.
700 1 _aJardel Jean-Paul
_99433
942 _cCR
999 _c9143
_d9143